000 00435 a2200157 4500
005 20250411145151.0
020 _a978-1-118-48222-3
082 _a657 TRA
100 _aTRACY, J. A.
245 _aAccounting for Dummies
250 _a5th Ed.
260 _aIndianapolis,
_bJohn Wiley,
_c2013.
300 _axviii, 390p.: ill.; figure, table.
_bIndex.
_c24cm.
856 _yAccess online book
_fAccounting
_dwww.wiley.com
942 _2ddc
_cBKS
999 _c1317
_d1317